| 000 | 00543cam a2200217 4500 | ||
|---|---|---|---|
| 008 | 090401t1998 xxu||||| |||| 00| 0 eng d | ||
| 020 | _a0582357705 | ||
| 035 | _a(Sirsi) u84469 | ||
| 041 | _aeng | ||
| 050 | _a690.026 | ||
| 245 | _aBuilding law reports. - 85 | ||
| 260 |
_aHarlow, Essex _bLongman _c1998 |
||
| 300 | _avi,154p. ; 23cm. | ||
| 350 | _a0 | ||
| 650 | _aBUILDING LAW REPORTS | ||
| 650 | _aCONSTRUCTION INDUSTRY | ||
| 690 | _aBUILT ENVIRONMENT | ||
| 700 |
_aLLoyd, Humphrey _xEditor |
||
| 942 | _n0 | ||
| 948 | _c24/02/1998 | ||
| 999 |
_c96950 _d96950 |
||